LEADER 01920nam0 22003973i 450 001 VAN0219614 005 20230607093356.873 017 70$2N$a9789811500466 100 $a20210930d2019 |0itac50 ba 101 $aeng 102 $aSG 105 $a|||| ||||| 200 1 $aInvestigation on SiGe Selective Epitaxy for Source and Drain Engineering in 22 nm CMOS Technology Node and Beyond$eDoctoral Thesis accepted by Chinese Academy of Sciences, Beijing, China$fGuilei Wang 210 $aSingapore$cSpringer$d2019 215 $axvi, 115 p.$cill.$d24 cm 410 1$1001VAN0104193$12001 $aSpringer theses$erecognizing outstanding Ph.D. research$1210 $aBerlin$cSpringer$d2010- 500 1$3VAN0219620$aInvestigation on SiGe Selective Epitaxy for Source and Drain Engineering in 22 nm CMOS Technology Node and Beyond$91873375 606 $a00A79 (77-XX)$xPhysics [MSC 2020]$3VANC023182$2MF 610 $aPattern dependency$9KW:K 610 $aRPCVD$9KW:K 610 $aSelective epitaxy$9KW:K 610 $aSiGe$9KW:K 610 $aSource/drain technology$9KW:K 610 $aStrain$9KW:K 610 $aTechnology nodes$9KW:K 620 $aSG$dSingapore$3VANL000061 700 1$aWang$bGuilei$3VANV186560$0838756 712 $aSpringer $3VANV108073$4650 801 $aIT$bSOL$c20240614$gRICA 856 4 $uhttp://doi.org/10.1007/978-981-15-0046-6$zE-book ? Accesso al full-text attraverso riconoscimento IP di Ateneo, proxy e/o Shibboleth 899 $aBIBLIOTECA DEL DIPARTIMENTO DI MATEMATICA E FISICA$1IT-CE0120$2VAN08 912 $fN 912 $aVAN0219614 950 $aBIBLIOTECA DEL DIPARTIMENTO DI MATEMATICA E FISICA$d08CONS e-book 4097 $e08eMF4097 20210930 996 $aInvestigation on SiGe Selective Epitaxy for Source and Drain Engineering in 22 nm CMOS Technology Node and Beyond$91873375 997 $aUNICAMPANIA LEADER 02156nam0 2200457 i 450 001 VAN00107469 005 20251014085043.150 017 70$2N$a9783319314624 100 $a20170130d2016 |0itac50 ba 101 $aeng 102 $aCH 105 $a|||| ||||| 181 $ai$b e 182 $ab 183 $acr 200 1 $aNonlinear water waves$eCetraro, Italy 2013$fAdrian Constantin ... [et al.] 210 $a[Cham]$cSpringer$d2016 215 $aVI, 228 p.$cill.$d24 cm 410 1$1001VAN00050834$12001 $aLecture notes in mathematics. Fondazione CIME. Firenze$1210 $aBerlin$cSpringer$1300 $aDal 2011: C.I.M.E. Foundation Subseries 461 1$1001VAN00102250$12001 $aLecture notes in mathematics$1210 $aBerlin [etc.]$cSpringer$v2158 500 1$3VAN00234102$aNonlinear water waves : Cetraro, Italy 2013$91412586 606 $a34C05$xTopological structure of integral curves, singular points, limit cycles of ordinary differential equations [MSC 2020]$3VANC022914$2MF 606 $a35Q35$xPDEs in connection with fluid mechanics [MSC 2020]$3VANC022935$2MF 606 $a76B15$xWater waves, gravity waves; dispersion and scattering, nonlinear interaction [MSC 2020]$3VANC023467$2MF 610 $aFree boundary$9KW:K 610 $aModel equations$9KW:K 610 $aNonlinear, particle paths$9KW:K 610 $aOrdinary Differential Equations$9KW:K 610 $aPartial Differential Equations$9KW:K 610 $aWater waves$9KW:K 620 $aCH$dCham$3VANL001889 702 1$aConstantin$bAdrian$3VANV082948 712 $aSpringer $3VANV108073$4650 801 $aIT$bSOL$c20251017$gRICA 856 4 $uhttp://doi.org/10.1007/978-3-319-31462-4$zE-book ? Accesso al full-text attraverso riconoscimento IP di Ateneo, proxy e/o Shibboleth 899 $aBIBLIOTECA DEL DIPARTIMENTO DI MATEMATICA E FISICA$1IT-CE0120$2VAN08 912 $fN 912 $aVAN00107469 950 $aBIBLIOTECA DEL DIPARTIMENTO DI MATEMATICA E FISICA$d08CONS e-book $e08LNM2158 20170130 996 $aNonlinear water waves$91412586 997 $aUNICAMPANIA LEADER 01564nam0 22003733i 450 001 VAN00242855 005 20251212112944.502 017 70$2N$a9784431556848 100 $a20220314d2015 |0itac50 ba 101 $aeng 102 $aJP 105 $a|||| ||||| 181 $ai$b e 182 $ab 183 $acr 200 1 $aHigh-Energy Charged Particles$eTheir Chemistry and Use as Versatile Tools for Nanofabrication$fShu Seki ... [et al.] 210 $aTokyo$cSpringer$d2015 215 $aX, 74 p.$cill.$d24 cm 410 1$1001VAN00123250$12001 $aSpringerBriefs in Molecular Science$1210 $aCham$cSpringer$d2011- 620 $dTokyo$3VANL000048 676 $a333.792$cEnergia nucleare$v22 676 $a540$cChimica generale$v22 676 $a541$cChimica fisica$v22 676 $a620.5$cNanotecnologia$v22 702 1$aSeki$bShu$3VANV198649 712 $aSpringer $3VANV108073$4650 801 $aIT$bSOL$c20251219$gRICA 856 4 $uhttps://rd.springer.com/book/10.1007/978-4-431-55684-8$zE-book - Accesso al full-text attraverso riconoscimento IP di Ateneo, proxy e/o Shibboleth 899 $aBIBLIOTECA DEL DIPARTIMENTO DI SCIENZE E TECNOLOGIE AMBIENTALI BIOLOGICHE E FARMACEUTICHE$1IT-CE0101$2VAN17 912 $fN 912 $aVAN00242855 950 $aBIBLIOTECA DEL DIPARTIMENTO DI SCIENZE E TECNOLOGIE AMBIENTALI BIOLOGICHE E FARMACEUTICHE$d17CONS e-book 2219 $e17BIB2219/237 137 20220314 996 $aHigh-Energy Charged Particles$92789800 997 $aUNICAMPANIA